000 00451nam a2200181Ia 4500
001 13842
003 IN-NITTTR
005 20251114233130.0
008 251113s9999||||xx |||||||||||||| ||eng||
040 _beng
040 _cIN-NITTTR
041 _aeng
082 _a523 M94C
100 _aMurdin, Paul
245 0 _aCatalogue of the universe with original photographs /
_cMurdin, Paul, Allen, David
700 _a Allen, David
942 _2ddc
_cBK
999 _c16478
_d16478